History Quiz

Random History or War Quiz
Score 0/15 Timer 05:00
10 Plays Today
% Correct
Second World War
97.7%
First World War
88.8%
Gulf War
83.1%
Korean War
76.7%
Falklands War
74%
Second Boer War
73.5%
Third Crusade
72.6%
American War of Independence
68.1%
% Correct
Crimean War
66.9%
Hundred Years' War
64.2%
War of the Third Coalition (Napoleonic Wars)
63%
English Civil War
60.7%
Seven Years' War
59.2%
Anglo-Zulu War
45.8%
War of Spanish Succession
35.3%
Remove Ads.
Support Sporcle.
Get the best of Sporcle when you Go Orange. This ad-free experience offers more features, more stats, and more fun while also helping to support Sporcle. Thank you for becoming a member.

You're not logged in!

Compare scores with friends on all Sporcle quizzes.
OR
Log In

Show Comments

Extras

Top Quizzes Today


Score Distribution

Your Account Isn't Verified!

In order to create a playlist on Sporcle, you need to verify the email address you used during registration. Go to your Sporcle Settings to finish the process.

Report this User

Report this user for behavior that violates our Community Guidelines.

Details: